[Event "Corus"]
[Site "Wijk aan Zee"]
[Date "2007.01.20"]
[Round "7"]
[White "Ponomariov, Ruslan"]
[Black "Topalov, Veselin"]
[Result "0-1"]
[WhiteElo "2723"]
[BlackElo "2783"]
[Annotator "Marin,M"]
[PlyCount "116"]
[EventDate "2007.01.13"]
[EventType "tourn"]
[EventRounds "13"]
[EventCountry "NED"]
[EventCategory "19"]
[SourceTitle "CBM 117"]
[Source "ChessBase"]
[SourceDate "2007.03.30"]
[SourceVersion "1"]
[SourceVersionDate "2007.03.30"]
[SourceQuality "1"]

1. d4 Nf6 2. c4 g6 3. Nc3 Bg7 4. e4 d6 5. h3 O-O 6. Bg5 c5 {Topalov
ocasionally plays the Benoni (in its traditional move order, based on 2...c5)
which means that he is not too worried about KI systems that allow undermining
the centre with a later advance of the c-pawn.} 7. d5 e6 8. Bd3 exd5 9. cxd5
Re8 10. Nge2 {The development of the knight to e2 is typical for the Penrose
system, where White does not commit his queen's bishop so soon.} ({For years,
I have tried to find an antidote against} 10. Nf3 {Here is my (generally
unpleasant) experience.} c4 11. Bc2 b5 12. a3 Bd7 (12... Na6 13. O-O Nc5 14.
Re1 Qb6 15. Qd2 $14 {Rogozenko,D (2480)-Marin,M (2515)/Bucharest 1993/CBM 034/
[Knaak] (1-0, 39)}) (12... a5 $6 13. Nxb5 $1 Qb6 14. Qd4 $1 Qxb5 15. Bxf6 Bxf6
16. Qxf6 Nd7 17. Qd4 $16 {Chernin,A (2600)-Marin,M (2515)/Budapest 1993/CBM
034/[Hansen,Cu] (1-0, 44)}) (12... a6 13. O-O Nbd7 14. Qd2 Qc7 15. Rfe1 Bb7 16.
Rad1 $14 {Despite his advantage of space on the queenside, Black has not
equalised completely. His queen's bishop is passive, while the d4-square will
serve White quite well to increase his pressure.}) 13. O-O a5 14. Nd4 Qb6 (
14... Na6 $2 15. Ndxb5 $16 {Rogozenko,D (2480)-Marin,M (2515)/Odorheiu
Secuiesc 1993/CBM 036/[Knaak] (1-0, 24)}) 15. Be3 (15. Ndxb5 {Belov} Bxb5 16.
Bxf6 Bxf6 17. Nxb5 Na6 18. a4 Bxb2 19. Rb1 Bg7 $15) 15... Qb7 16. Qf3 $1 Na6
17. Bg5 Ng4 18. Nc6 Ne5 19. Nxe5 Bxe5 20. Bf6 b4 21. axb4 axb4 22. Nd1 Nc5 $13
{Ziegler,A (2372)-Marin,M (2555)/Gothenburg 2000/CBM 076 (1/2-1/2, 58). This
is the first (and only) game where I obtained a reasonable positoon out of the
opening.}) 10... Nbd7 11. O-O {This position has occurred in practice rather
rarely.} h6 {By refraining from ...a6, Topalov has a concrete ideain his mind,
as we shall see.} ({However,} 11... a6 {seems entirely playable, too.} 12. a4
h6 (12... Qc7 13. Ng3 h6 14. Be3 c4 15. Bc2 h5 $132 {Lee Chee Sing-Hernandez,R/
Siegen 1970/EXT 2002 (0-1, 31)}) 13. Bh4 g5 14. Bg3 c4 15. Bc2 Nc5 16. f3 Nh5
$132 {Atalik,S (2595)-Velimirovic,D (2535)/Ulcinj 1998/EXT 99/[Bulletin] (0-1,
34)}) 12. Be3 Ne5 13. a4 {It appears that White cannot prevent his bishop from
being exchanged without making some other kind of concession.} (13. Bc2 b5 $1
14. Nxb5 Nc4 15. Bc1 Nxe4 $15) (13. Bb5 Bd7 {just helps Black complete his
development, leaving the d3- and c4-square vulnerable.}) 13... Nxd3 14. Qxd3 b6
{After the dissapearence of the white light-squared bishop, such an
arrangement of the queenside pawns is very appropriate. The c5-pawn is
consolidated in order to inhibit a central break with e5, while the weakness
of the light squared induced by the advance of the b-pawn is not too relevant.}
15. Ng3 Nh7 {Here we can see another drawback of the move Bg5. The advance of
the h-pawn by just one square proves useful for Black. With his last move, he
prepares undermining the e4-square with ...h5.} ({The immediate} 15... h5 {
could have been met by} 16. Bg5 $1) 16. f4 h5 17. f5 {Ponomariev considers the
weakness of the e5-square to be not too relevant, since Black is left with
just one knight, which is placed on a different route.} h4 18. fxg6 fxg6 19.
Nge2 g5 $132 {Very entreprising. Black not only continues restricting the
e2-knight, but prepares active kingside operations at the same time.} 20. Rf2
a6 21. Raf1 Ra7 {A typical way of bringing the queen's rook into play. In
positions where the opponent has an advantage of space in the centre, this is
frequently the only method of achieving a reasonable development.} 22. Nb1 {
[%csl Gd6,Ge5,Gg5,Gh4][%cal Yb1d2,Yd2c4,Yd2f3] This manoeuvre is justified
strategically, but too slow fromconcrete point of view.} g4 23. hxg4 Bxg4 24.
Nd2 Bxb2 {Well, why not? Black wins a pawn and clears the g7-square for his
rook at the same time.} 25. Nc3 $6 (25. Nc4 $5 Be5 26. Rb1 Nf6 $132) 25... Rg7
26. Nc4 Bxc3 27. Qxc3 Bh5 28. Bf4 $6 Rxe4 29. Ne3 ({Could Ponomariov have
missed that after} 29. Bxd6 Rxc4 {the f8-square is well defended?}) 29... Qf6
$17 {Black has two extra-pawns, a harmonious regrouping of forces and a solid
pawn structure.} 30. Qc2 Bg6 31. Ng4 Qd4 32. Nh6+ Kh8 33. Bc1 Re1 34. Qd2 Rxf1+
35. Kxf1 Bd3+ 36. Kg1 Ng5 37. Kh2 Ne4 38. Rf8+ Kh7 39. Qf4 Nc3 40. Qxd4 cxd4
41. Nf7 Ne4 42. Bb2 Bf1 43. Rh8+ Kg6 44. Rxh4 Kxf7 45. Rf4+ Kg8 46. Rxf1 Rh7+
47. Kg1 d3 48. Rd1 Rh1+ 49. Kxh1 Nf2+ 50. Kg1 Nxd1 51. Bc1 Nb2 52. Kf2 Nxa4 53.
Bf4 Nc3 54. Kf3 a5 55. Bd2 Nb1 56. Bf4 a4 57. Bxd6 d2 58. Ke2 Nc3+ 0-1

[Event "Hastings 00 75th"]
[Site "Hastings"]
[Date "2000.01.08"]
[Round "5"]
[White "Dreev, Alexey"]
[Black "McShane, Luke J"]
[Result "0-1"]
[WhiteElo "2680"]
[BlackElo "2438"]
[Annotator "McShane,L"]
[PlyCount "132"]
[EventDate "2000.01.04"]
[EventType "tourn"]
[EventRounds "9"]
[EventCountry "ENG"]
[EventCategory "13"]
[SourceTitle "CBM 075"]
[Source "ChessBase"]
[SourceDate "2000.04.05"]
[SourceVersion "1"]
[SourceVersionDate "2000.04.05"]
[SourceQuality "1"]

1. d4 {Stohl} Nf6 2. c4 g6 3. Nc3 Bg7 4. e4 d6 5. f3 O-O 6. Nge2 c5 7. d5 e6 8.
Ng3 exd5 9. cxd5 h5 (9... a6 {Stohl} 10. a4 Nbd7 {is statistically the most
often played alternative.} (10... Nh5 $5 {is a recent original idea, which is
playable even without the interpolated moves a6 and a4. (See
Yevseev-Voitsekhovsky)} 11. Nxh5 gxh5 12. Bd3 f5 (12... Qh4+ 13. g3 Qf6 14. Be3
Bh3 15. Bf1 Bxf1 16. Rxf1 Nd7 17. Kf2 b5 18. Qe2 Ne5 19. Kg2 b4 20. Nd1 c4 21.
Bd4 Qg6 22. Bxe5 Bxe5 23. Qxc4 h4 24. f4 $16 {Kunz,K-Strube,F/OL Bayern/1998/})
13. exf5 Bxf5 14. O-O Nd7 15. a5 (15. Kh1 Qe8 16. Bxf5 Rxf5 17. Bd2 Qg6 18. Qb3
Rf7 19. Ne4 Rb8 20. Bc3 Ne5 21. a5 Rbf8 22. Bxe5 Bxe5 23. Rae1 h4 24. Nd2 Rg7
$13 {Ward,C-Glek,I/BL-2W 9798/1997/}) 15... Qf6 16. Ra4 Qg6 17. Bxf5 Rxf5 18.
Re4 Raf8 19. Re6 Bd4+ 20. Kh1 R8f6 21. Rfe1 Ne5 22. Ne2 Rxe6 23. dxe6 Qxe6 24.
Nxd4 cxd4 25. f4 Nd3 26. Rxe6 Nf2+ 27. Kg1 Nxd1 28. Rxd6 $14 {/+/-_|_,Ward,
C-Bekker Jensen,S/Copenhagen/1998/}) 11. Be2 h5 12. Bg5 Rb8 13. Qd2 Qc7 14. Bh6
c4 15. Bxg7 Kxg7 16. a5 h4 17. Nf1 Nc5 18. Bxc4 Ncxe4 19. fxe4 Qxc4 20. Ne3 Qc5
21. Qf2 b5 22. h3 Nh5 23. O-O {Kortschnoj,V-Xie Jun/Arnhem/1999/} f5 $5 $11)
10. Bg5 (10. Be2 {Stohl} h4 11. Nf1 Nh7 (11... Nh5 $143 12. g4 $1 $36) 12. Be3
a6 13. a4 Nd7 14. Nd2 f5 15. exf5 gxf5 16. f4 Ndf6 (16... Re8 $5 17. Bf2 Bd4
18. O-O $13) 17. h3 Qe7 18. Kf2 Re8 19. Nc4 Rb8 20. a5 b5 21. axb6 Nd7 22. Re1
Nxb6 23. Kf1 Nxc4 24. Bxc4 Rxb2 25. Qd3 Nf6 26. Na4 {Kortschnoj,V-Xie Jun/
Roquebrune/1998/} Ne4 $5 $44) 10... Qb6 {Stohl: 'Black must play actively to
justify the brave 9...h5, so simply just finishing development is out of
question. A horrible example:'} (10... Nbd7 $143 {Stohl} 11. Qd2 a6 12. a4 Qa5
$6 13. Be2 b5 14. O-O b4 15. Nd1 Re8 16. Ne3 Ne5 17. f4 Ned7 18. e5 dxe5 19.
fxe5 Nh7 20. Nc4 Qc7 21. d6 Qb8 22. Be7 Ndf8 23. Qf4 Be6 24. Ne4 Ra7 25. Nf6+
$18 {Popov,V-Colovic,A/FRM-ch Struga/1993/}) 11. Qd2 {Stohl: 'The most logical
reaction, which is in keeping with White's plan.'} ({Another possibility is} 
11. Qb3 $5 {Stohl Although now Black has to avoid the _|_, White's Q is
misplaced on b3.} Qc7 (11... Qa5 12. Be2 a6 13. O-O b5 14. Qc2 Nbd7 15. a4 c4
16. Be3 b4 17. Nd1 h4 18. Nh1 Ne5 19. Bxc4 h3 20. Be2 hxg2 21. Kxg2 Bd7 22.
Ndf2 Rac8 23. Qb3 Rc7 24. Rfc1 Rfc8 25. Rxc7 Rxc7 26. Ng3 $16 {Dokhoian,
Y-Watson,W/Bundesliga 9394/1994/}) 12. Be2 a6 (12... Nh7 13. Be3 Qe7 14. Nf1
Nd7 15. Nd2 Ne5 16. O-O f5 17. f4 Ng4 18. Bxc5 $1 $16 {Raicevic,M-Pavlovic,M/
Bern/1989/}) 13. a4 Nh7 14. Be3 Qe7 (14... h4 15. Nf1 f5 16. g3 g5 17. exf5
Bxf5 18. Nd2 Nd7 19. Nce4 g4 20. Bf4 Ne5 21. fxg4 Bxe4 22. Nxe4 Rae8 23. O-O
Nxg4 24. Bxg4 Rxe4 25. Qc2 $40 {Antonsen,M-Bekker Jensen,D/Koge/1997/}) 15. O-O
Nd7 16. f4 Bd4 17. Bf2 h4 18. Nh1 g5 19. Qd1 Qf6 20. fxg5 $13 {1/2,Dreev,
A-Topalov,V/Elista olm/1998/}) (11. Na4 {Stohl} Qa5+ $5 12. Bd2 Qd8 {can
hardly promise White anything, as both Na4 and Bd2 are misplaced and Black
will win back the tempi, lost with his Q.}) 11... Nh7 12. Bh4 $5 {'N!' Stohl.
Stohl: 'White wants to force some concessions, if Black intends to get h4 in 
(like the exchange of the Bg7).'} (12. Be3 {Stohl} Nd7 13. Nge2 Ne5 14. Nf4 a6
15. Be2 Qa5 16. O-O b5 17. Qc2 Bd7 18. Bd2 Qb6 $132 {Gulko,B-Spraggett,K/
Hastings/1989/}) 12... Nd7 (12... g5 $2 {Stohl} 13. Bxg5 Nxg5 14. Qxg5 Qxb2 15.
Rc1 f6 $8 16. Qe3 h4 17. Nh5 $40) 13. f4 $5 {Stohl: '[+]' A risky move which
commits White to a weak e-pawn which can become a target. Stohl: 'Dreev
intends to go for a quick attack without finishing his development. A less
aggressive approach was'} ({However} 13. Be2 Bd4 {is awkward.} (13... Bd4 {
Stohl} 14. Nb5 Bf6 15. Bxf6 Nhxf6 16. a4 h4 17. Nf1 $14)) 13... Re8 14. Bc4 {
'?' Stohl. Stohl: 'Overambitious.'} (14. Be2 Bf6 15. Bxf6 Nhxf6 16. Bf3 c4 {
Stohl: '/\Nc5|^,><e4' allowing the dangerous Nc5}) (14. Bd3 Bf6 15. Bxf6 Ndxf6
(15... Nhxf6 16. O-O-O c4 17. Bc2 Nc5 (17... h4 18. Nge2 Nc5 19. Qd4 $1 $16
Nd3+ 20. Bxd3 Qxd4 21. Nxd4 cxd3 22. Rhe1) (17... Qa5 18. e5 dxe5 19. f5 $44 {
->}) 18. f5 $1 {is also extremely dangerous.}) 16. O-O-O c4 17. Bc2 (17. Bxc4
h4 18. Nge2 Nxe4 19. Nxe4 Rxe4 20. Bd3 Re3 $1) 17... Qa5 (17... Bg4 {Stohl} 18.
Rde1 h4 19. Nge2 $14)) 14... Bf6 15. Bxf6 Nhxf6 $6 {'?' Stohl. Stohl: 'Black
should have activated his Bc8 as soon as possible, as now the -> will be
really dangerous.'} (15... Ndxf6 $142 $1 16. O-O-O h4 17. Nge2 Nxe4 18. Nxe4
Rxe4 19. Bd3 Re8 20. f5 Bxf5 {is more playable than I thought at the time.} (
20... g5 {Stohl} 21. f6 Re5 $1 $17)) 16. e5 $1 {Stohl: '[]'  Extremely
dangerous, although by this stage I wasn't too unhappy.} (16. O-O-O h4 17. Nge2
Nxe4 18. Nxe4 Rxe4 19. Bd3 Re8 20. f5 Ne5 $1) 16... dxe5 17. f5 e4 (17... h4
18. fxg6 hxg3 (18... fxg6 19. Qh6 $18 {'©' Stohl.} (19. Nge4 $44 {Stohl})) 19.
d6) (17... Qb4 18. b3 (18. Bb5 Qf4) 18... e4 $13 (18... h4 19. fxg6 fxg6 20.
Nge4 $13 (20. Nge2 {Stohl} Kg7 21. O-O $36 {[%csl Rg6,Rg7,Rh4] ע}))) 18. fxg6
fxg6 19. d6+ {'?' Stohl. Stohl: 'Now the tables turn, as White's Q can't join
the -> effectively.'} (19. Qh6 $1 {Having changed my mind many times I now
think this is winning.} Ne5 (19... Nf8 20. O-O (20. d6+ Be6 21. O-O Qxd6 $1 22.
Rxf6 Qd4+ 23. Rf2 Bxc4) 20... N6h7 (20... Qd6 21. Nb5 Qe5 22. Nc7 $1) 21. Ngxe4
) (19... Nh7 20. d6+ Kh8 21. Qxg6) 20. O-O Qxb2 (20... Nfg4 21. d6+ Be6 22.
Rf8+ {'!' Stohl.} Rxf8 23. Bxe6+ Rf7 (23... Nf7 24. Qxg6+ Kh8 25. Qxh5+ Nfh6
26. Bxg4 $18) 24. Bxf7+ Nxf7 (24... Kxf7 25. Qh7+ Kf8 26. Rf1+ Ke8 27. Qe7#)
25. Qxg6+ $18) (20... Nh7 21. d6+ Be6 22. Bxe6+ Rxe6 23. Nxh5) 21. d6+ Be6 {
'[]' Stohl.} 22. Rab1 $1 $18 {'!' Stohl.} (22. Rac1 e3 (22... Nfg4 23. Rf8+
Rxf8 24. Bxe6+ Rf7 25. Bxf7+ Nxf7 26. Qxg6+ Kf8 27. Rf1 Nge5 28. Qf6 $18) (
22... Bxc4 23. Rxf6 e3 24. Rb1 Qc2 25. Nxh5 $18) 23. Rb1 (23. Bxe6+ Rxe6 24.
Qxe3 Nfg4 25. Qxc5 Nf3+ $3 26. Kh1 Ne3) 23... Qf2+ 24. Rxf2 (24. Kh1 Nfg4)
24... exf2+ 25. Kh1 Bxc4 26. Rxb7 Bf7) (22. Rab1 $1 {Stohl} Qxc3 23. Rxb7 Nfd7
(23... Ned7 24. Bxe6+ Rxe6 25. Qxg6+ Kh8 26. Nf5 $18) 24. Rxd7 Nxd7 25. Qxg6+
Qg7 26. Bxe6+ $18)) 19... Kg7 20. O-O e3 21. Qc2 ({I expected} 21. Qd1 Qxb2 {
Dreev instead tries a piece sacrifice which makes my position very difficult
to play. Trying to fathom the variations Dreev ran very short of time and I
followed.}) 21... Qxd6 22. Nb5 Qe5 23. Nf5+ {'!?' Stohl. Stohl: 'The last
practical chance.'} (23. Rad1 {Stohl} Nb6 24. Nd6 Re7 $17 {/-+}) 23... gxf5 ({
Fritz says} 23... Kh7 {is okay.}) 24. Rxf5 Qe4 25. Rg5+ ({I saw} 25. Bd3 Qc6 (
25... Qg4 26. Rf3 {with the threat of Rg3.})) 25... Kf8 26. Bd3 Qh4 (26... Qc6)
(26... Qc6 $5 $19 {Stohl}) 27. Rf5 c4 $5 {Believing I had to post a rook on e5,
to offer exchanges, avoid forks on c7, and shield a running king on e7. But} (
27... Re5 28. Rxe5 (28. g3 {Stohl} Qb4 29. a3 Qd2 $19) 28... Qf2+ $1 {An
interesting error- I saw this possibility with the addition of 27...c4 and 28.
Bxc4}) 28. Bxc4 Re5 29. Rf3 {'[]' Stohl.} (29. Rxe5 {Stohl} Qf2+) 29... Rc5 {
With the bishop on c4 White now loses some coordination.} 30. b3 (30. Qg6 Qxc4
31. Rxf6+ (31. Raf1 Qf7 32. Rxf6 Nxf6 33. Rxf6 Rc1+) 31... Nxf6 32. Qxf6+ Qf7
33. Qd8+ Qe8 34. Rf1+ Bf5 35. Qf6+ Kg8 36. Rxf5 Rc1+) 30... e2 $5 31. Qxe2 {
'(+)?' Stohl.} (31. g3 Qg4 32. Rf4 Qe6 $1 33. Bxe6 {'-/+' Stohl.} (33. Re1 $17
{Stohl}) 33... Rxc2 34. Bxd7 Bxd7 35. Rxf6+ Ke7 $19 (35... Ke7 36. Nd4 Rxa2 $19
)) 31... Rxb5 {'-+' Stohl. My position is still awkward, but with two pieces
up Black should survive with best play.} 32. Raf1 (32. Bxb5 {Stohl} Qd4+) 32...
Qd4+ 33. Kh1 Re5 34. Qc2 (34. Rxf6+ Nxf6 35. Rxf6+ Ke7 36. Rf7+ Kd6 $19 {
Stohl: 'enables the K to escape finally.'}) 34... Ke7 35. Qg6 Re3 (35... Ne4)
36. Rf4 (36. Qf7+ Kd8 37. Rxf6 Nxf6 38. Rxf6 Re1+ 39. Bf1 (39. Rf1 {Stohl} Bd7
$19) 39... Bd7) 36... Qd6 37. h3 b5 $5 (37... Kd8 $5 {[%cal Rd8c7] (Stohl) /
\Kc7}) 38. Bxb5 Ba6 $4 {'(+)??' Stohl.} ({I missed} 38... Bb7 39. Bxd7 Rg8 $1 {
'-+!' Stohl. which wraps up neatly.}) 39. Qg7+ Kd8 40. Qh8+ {'?' Stohl.} (40.
Bxa6 $142 Qxa6 (40... Qe7 $5 {Stohl} 41. Qh8+ Qe8 42. Qh6 $44) 41. Rxf6 Nxf6
42. Rxf6 Qb5 (42... Re1+ 43. Kh2 Qb5 44. Rd6+ Ke8 (44... Kc8 45. Qc3+) 45. Rh6
Kd8 46. Qf6+ $18 {/\Rh8,Qc3}) 43. Rf8+ Re8 44. Qf6+ Kc8 (44... Kd7 $2 45. Rf7+
Kc8 46. Qc3+ $18) 45. Qe6+ {'!' Stohl.} (45. a4 $1 Qd7 46. Rf7 $1 Re6 47. Qh8+
$18) 45... Kd8 46. Qf6+ {'=' Stohl. with a perpetual.}) (40. Rxf6 {Stohl} Nxf6
41. Rxf6 Re1+ 42. Bf1 Rxf1+ 43. Rxf1 Bxf1 44. Qg8+ Kc7 45. Qxa8 Qd4 $17 {/=/+})
40... Re8 {'-+' Stohl. White is completely lost.} 41. Rxf6 Rxh8 42. Rxd6 Bxb5
43. Rfd1 Kc7 44. Re6 Rae8 45. Rc1+ Kb7 46. Rd6 Ne5 47. Rd4 a6 48. Rc2 Rd8 49.
Re4 Rd5 50. a4 Bc6 51. Kh2 Nd3 (51... Ng4+ $142 52. hxg4 hxg4+ 53. Kg3 Rd3+ {
'-+' Stohl.}) 52. Rec4 Rh6 53. Re2 a5 54. Kg3 Rg5+ 55. Kh4 Rhg6 56. g4 hxg4 57.
Rxg4 Rxg4+ 58. hxg4 Bf3 59. Re7+ Kb6 60. g5 Nc5 61. Re3 Bd1 62. Re8 Rg7 63.
Rb8+ Rb7 64. Rd8 Bxb3 65. g6 Nxa4 66. Kg5 Bc2 {Stohl: 'And here Dreev finally
did, what he should have done 25 moves ago.'} 0-1